Criterios de diseño, detalles técnicos y problemática de la canalización para riego y drenaje, utilizada por la companía bananera (Distrito de Palmar Sur)

محفوظ في:
التفاصيل البيبلوغرافية
المؤلف الرئيسي: Borbón Azofeifa, Félix
التنسيق: غير معروف
منشور في: [San José , Costa Rica] 1980
الوسوم: إضافة وسم
لا توجد وسوم, كن أول من يضع وسما على هذه التسجيلة!

MARC

LEADER 00000 a2200000 4500
003 010928
005 20221231143759.0
008 140114s1980 cr a m 000 ||s d
040 |c cru CEDI 
090 |a TFG 04-80 
100 |a Borbón Azofeifa, Félix  |9 16959 
245 |a Criterios de diseño, detalles técnicos y problemática de la canalización para riego y drenaje, utilizada por la companía bananera (Distrito de Palmar Sur) 
260 |c 1980  |a  [San José , Costa Rica] 
300 |a 6[3] hojas ;ilustraciones  
500 |a Trabajo para aprobar el Curso Topografía Agrícola y d Riego T-1210 Universidad de Costa Rica. Facultad de Ingeniería. Departamento de Topografía 
942 |c T-T 
999 |c 11863  |d 11863